000 00983nam a2200277 a 4500
001 57704
003 BD-RjUL
005 20211209080538.0
008 161211s1987 enkab b 001 0 eng
020 _a081337412X
035 _a(BD-RjUL)57828
040 _dCSt
_aBD-RjUL
_beng
_cBD-RjUL
041 _aeng
082 0 _a307.7209439
_223
_bVAB 1987
100 1 _aVasary, Ildiko.
_9171368
245 1 0 _aBeyond the plan :
_bsocial change in a Hungarian village /
_cIldiko Vasary.
260 _aLondon :
_bWestview Press,
_cc1987.
300 _axvii, 308 p. :
_bill. ;
_c23 cm.
490 1 _aWestview special studies on the Soviet Union and Eastern Europe
504 _aIncludes index and bibliography
650 0 _aCollectivization of agriculture
_zHungary.
_9171369
650 0 _aPrivate plot agriculture
_zHungary.
_9171370
651 0 _aHungary
_xRural conditions.
_9171371
830 0 _aWestview special studies on the Soviet Union and Eastern Europe.
_9171373
942 _2ddc
_cBK
999 _c57704
_d57704